Apuntes finales: la participación de la sociedad civil y el camino de la concertación en Centroamérica /
Enregistré dans:
| Auteur principal: | |
|---|---|
| Format: | Texte |
| Tags: |
Ajouter un tag
Pas de tags, Soyez le premier à ajouter un tag!
|
MARC
| LEADER | 00000 a a2200000 04500 | ||
|---|---|---|---|
| 001 | 43997 | ||
| 003 | |||
| 040 | |||
| 100 | |a Peñas Domingo, Mercedes | ||
| 245 | |a Apuntes finales: |b la participación de la sociedad civil y el camino de la concertación en Centroamérica / |c Mercedes Peñas Domingo | ||
| 773 | |g páginas 299-310 | ||
| 999 | |c 39922 |d 39922 | ||
